000 00755nam a22002297a 4500
003 OSt
005 20150408114213.0
008 140422s2011 ua a f b 000 0 eng d
020 _a9789772936698
040 _aMa-Un
082 0 4 _222
_a571.4
_bTMI
100 1 _aTalaat, Mona Salah Hassan
_944000
245 1 0 _aIntroduction to biophysics /
_cMona Salah Hassan Talaat, abdelsattar Mahamed Sallam, el Sayed Mahmoud el Sayed.
250 _a1st ed.
260 _aCairo :
_bMaktabet al Dar al Arabia,
_c2011.
300 _a355 p. :
_aill. ;
_c24 cm.
504 _aincludes bibliographical references and index.
650 _aBiophysics
700 1 _aSallam, abdel sattar mahamed
_944001
700 1 _aEl sayed, el sayed mahmoud
_944002
942 _2ddc
_cBOOK
999 _c34450
_d268950